LEADER 01137nam 2200373 450 001 990003136040203316 005 20080805142815.0 035 $a000313604 035 $aUSA01000313604 035 $a(ALEPH)000313604USA01 035 $a000313604 100 $a20080805d1927----km-y0itay0103----ba 101 $aita 102 $aIT 105 $a||||||||001yy 200 1 $a<> volontà di credere$fWilliam James$gpagine scelte e tradotte da Nicola Abbagnano$gcon introduzione di Antonio Aliotta 210 $aNapoli [etc.]$cF. Perrella$d[1927] 215 $a64 p.$d20 cm 225 2 $aClassici del Pensiero$v1 410 0$12001$aClassici del Pensiero 606 $aFilosofia e fede$zSec. 19.-20. 676 $a171 700 1$aJAMES,$bWilliam$047983 702 1$aABBAGNANO,$bNicola 702 1$aALIOTTA,$bAntonio$f<1881-1964> 801 0$aIT$bsalbc$gISBD 912 $a990003136040203316 951 $aFC M 1405$bDLM$cFC M 959 $aBK 969 $aDILAM 979 $aDILAM1$b90$c20080805$lUSA01$h1428 979 $aANNAMARIA$b90$c20121119$lUSA01$h1050 996 $aVolontà di credere$9276906 997 $aUNISA LEADER 01577nam 2200517 450 001 9910796073303321 005 20200520144314.0 010 0 $a1119003229 010 0 $a9781119003229 035 $a(MiAaPQ)EBC7104332 035 $a(CKB)24989710200041 035 $a(MiAaPQ)EBC4042987 035 $a(Au-PeEL)EBL4042987 035 $a(CaPaEBR)ebr11115166 035 $a(CaONFJC)MIL845058 035 $a(OCoLC)911618390 035 $a(JP-MeL)3000111668 035 $a(Au-PeEL)EBL7104332 035 $a(OCoLC)1347026358 035 $a(EXLCZ)9924989710200041 100 $a20151113h20162016 uy 0 101 0 $aeng 135 $aur||||||||||| 181 $2rdacontent 182 $2rdamedia 183 $2rdacarrier 200 10$aIntroduction to modern power electronics /$fAndrzej M. Trzynadlowski 205 $aThird edition. 210 1$aHoboken, New Jersey :$cWiley,$d2016. 210 4$d2016 215 $a1 online resource (471 pages) $cillustrations, charts, tables, graphs 300 $a"with website"--Cover 300 $aIncludes bibliographical references and index 320 $aIncludes bibliographical references at the end of each chapters and index. 606 $aPower electronics 615 0$aPower electronics. 676 $a621.31/7 686 $a549.8$2njb/09 686 $a621.31/7$2njb/09 700 $aTrzynadlowski$b Andrzej$01484926 801 0$bMiAaPQ 801 1$bMiAaPQ 801 2$bMiAaPQ 912 $a9910796073303321 996 $aIntroduction to modern power electronics$93703785 997 $aUNINA